| 000 | 00911pam a2200289 a 4500 | ||
|---|---|---|---|
| 001 | 015743595 | ||
| 003 | Uk | ||
| 005 | 20181106102008.0 | ||
| 008 | 110126s2012 ohua b 001 0 eng d | ||
| 020 | _a0538480564 (pbk.) | ||
| 020 | _a9780538480567 (pbk.) | ||
| 082 | 0 | 4 |
_a658.8 _222 _bHUL |
| 100 | 1 |
_aHult, G. Tomas M. _933008 |
|
| 245 | 1 | 0 |
_aMarketing / _cTomas Hult, William M. Pride, O.C. Ferrell. |
| 250 | _a16th ed. | ||
| 260 |
_aAndover : _bSouth-Western Cengage Learning, _c2012. |
||
| 300 |
_a1 v. (various pagings) : _bcol. ill. ; _c25 cm. |
||
| 500 | _aPrevious ed.: 2009. | ||
| 500 | _a"International edition"-Cover. | ||
| 504 | _aIncludes bibliographical references and index. | ||
| 650 | 0 |
_aMarketing. _933009 |
|
| 653 |
_bBus _cMarch2013 |
||
| 690 | 7 |
_aManagement and Business Studies _2blcoll |
|
| 700 | 1 |
_aPride, William M. _95628 |
|
| 700 | 1 |
_aFerrell, O. C. _95630 |
|
| 942 |
_2ddc _cBB |
||
| 999 |
_c17411 _d17383 |
||